S. B. 102 ethics and diversity readings
Saved in:
| Hovedforfatter: | |
|---|---|
| Format: | Bog |
| Sprog: | engelsk |
| Udgivet: |
ProQuest Information and Learning
2004
|
| Tags: |
Tilføj Tag
Ingen Tags, Vær først til at tagge denne postø!
|
MARC
| LEADER | 00000nam a22000007a 4500 | ||
|---|---|---|---|
| 008 | 201218b ||||| |||| 00| 0 eng d | ||
| 020 | |a 0-471-90385-x | ||
| 100 | |a NEHRT, Chad | ||
| 245 | |a S. B. 102 ethics and diversity readings | ||
| 260 | |b ProQuest Information and Learning |c 2004 |i 653122 |l BJ1725 .N24 | ||
| 942 | |a lcc |c BK |e ADEYEYE Y. S. |f 18/12/2020 | ||
| 952 | |0 0 |1 0 |2 lcc |4 0 |6 BJ1725 N24 |7 0 |9 784 |a HOL |b HOL |c AF |d 2020-12-18 |l 0 |o BJ1725 .N24 |p 2020-229999 |r 2020-12-18 00:00:00 |w 2020-12-18 |y BK | ||
| 999 | |c 444 |d 444 | ||